| 000 | 01082cam a2200313 4500 | ||
|---|---|---|---|
| 008 | 030318n2000 000 0 eng u | ||
| 020 | _a0313311862 | ||
| 035 | _a(Sirsi) u121667 | ||
| 041 | _aeng. | ||
| 050 |
_a346.04 _c18 |
||
| 100 | _aMattei, Ugo | ||
| 245 | _aBasic principles of property law: a comparative legal and economic introduction | ||
| 260 |
_aLondon _bGreenwood Press _c2000 |
||
| 300 |
_axiv, 211p. _c25cm. |
||
| 350 | _a47 | ||
| 490 | _aContributions in Legal Studies | ||
| 520 | _aAims to set out a framework on property law, particularly for the benefit and use of former communist countries in transition. Discusses basic principles taken from the property law of Italy, France, Germany, the United States and England, and compares common law and civil law traditions. | ||
| 650 | _aPROPERTY LAW | ||
| 650 | _aPROPERTY RIGHTS | ||
| 650 | _aECONOMIC ANALYSIS | ||
| 650 | _aCOMPARATIVE LAW | ||
| 650 | _aITALY | ||
| 650 | _aFRANCE | ||
| 650 | _aGERMANY | ||
| 650 | _aUNITED STATES | ||
| 650 | _aENGLAND | ||
| 690 | _aLAW | ||
| 942 | _n0 | ||
| 999 |
_c102698 _d102698 |
||